| Tag |
First Indicator |
Second Indicator |
Subfields |
| LEADER |
00000cam a2200000 a 4500 |
| 001 |
in00000952321 |
| 005 |
20150926130134.0 |
| 007 |
hd afv|||baca |
| 008 |
850816s1684 miu a 00010 eng d |
| 035 |
|
|
|a (OCoLC)12394599
|
| 035 |
|
|
|9 AET4040AM
|
| 037 |
|
|
|a CL0037000031
|b UMI
|
| 037 |
|
|
|b University Microfilms International, 300 N. Zeeb Rd., Ann Arbor, MI 48106
|
| 040 |
|
|
|a EAA
|c EAA
|d m/c
|d UtOrBLW
|
| 049 |
|
|
|a TXAI
|
| 099 |
|
|
|a film
|a B
|a 3609
|
| 100 |
1 |
|
|a Collinges, John,
|d 1623-1690.
|
| 240 |
1 |
0 |
|a Sermons.
|k Selections
|
| 245 |
1 |
0 |
|a Thirteen sermons upon several useful subjects :
|b two of them being funeral dicourses, occasioned by the death of the Reverend Mr. Nathaniel Mitchel, Minister of the Gospel ... /
|c by John Collinges ...
|
| 264 |
|
3 |
|a London :
|b Printed by T.S. for Edward Giles ...,
|c 1684.
|
| 300 |
|
|
|a 6 unnumbered pages, 261 pages, 2 unnumbered pages
|
| 336 |
|
|
|a text
|b txt
|2 rdacontent
|
| 337 |
|
|
|a microform
|b h
|2 rdamedia
|
| 338 |
|
|
|a microfilm reel
|b hd
|2 rdacarrier
|
| 500 |
|
|
|a Reproduction of original in University of Illinois Library.
|
| 505 |
1 |
|
|a I. The crown of righteousness ... -- II. The influence of God upon getting wealth -- III. The small influence that abundance hath ... -- IV. The nature of that testimony, which Christians are bound to give ... -- V. The nature of persecution for righteousness sake ... -- VI. The riddle of a persecuted believers life -- VII. How persecutions turneth to believers ...
|
| 500 |
|
|
|a Advertisement: [2] pages at end.
|
| 510 |
4 |
|
|a Wing
|c C5344
|
| 533 |
|
|
|a Microfilm.
|b Ann Arbor, Mich. :
|c University Microfilms International,
|d 1979.
|e 1 microfilm reel ; 35 mm.
|f (Early English books, 1641-1700 ; 958:21)
|
| 500 |
|
|
|a Microform.
|
| 600 |
1 |
0 |
|a Mitchel, Nathanael,
|d 1618 or 1619-1684?
|
| 650 |
|
0 |
|a Sermons, English
|y 17th century.
|
| 650 |
|
0 |
|a Funeral sermons.
|
| 830 |
|
0 |
|a Early English books, 1641-1700 ;
|v 958:21.
|
| 999 |
|
|
|a MARS
|
| 999 |
f |
f |
|s ed334824-13f6-3529-a0e0-2e3e57ca805a
|i 58f1d4af-0e31-3d34-a907-869d4eaa57d2
|t 0
|
| 952 |
f |
f |
|p default
|a Texas A&M University
|b College Station
|c Sterling C. Evans Library
|d Evans: Microforms (3rd floor)
|t 0
|e film B 3609 958:21
|h Other scheme
|i microform -- microfilm reel
|
| 998 |
f |
f |
|a film B 3609 958:21
|t 0
|l Evans: Microforms (3rd floor)
|